书目信息 |
| 题名: |
现代农业机械使用技术
|
|
| 作者: | 刘敏 | |
| 分册: | ||
| 出版信息: | 北京 中国农业出版社 2013.03 |
|
| 页数: | 312页 | |
| 开本: | 26cm | |
| 丛书名: | ||
| 单 册: | ||
| 中图分类: | S220.7 | |
| 科图分类: | ||
| 主题词: | 农业机械 , 中小农具 | |
| 电子资源: | ||
| ISBN: | 978-7-5116-0567-2 | |
| 000 | 00608nam0 2200217 450 | |
| 001 | 900 | |
| 005 | 20160909103237.78 | |
| 010 | @a978-7-5116-0567-2@b平装@dCNY22.00 | |
| 100 | @a20160724d2013 km y0chiy0120 ea | |
| 101 | 0 | @achi |
| 102 | @aCN@b110000 | |
| 200 | 1 | @a现代农业机械使用技术@Axian dai nong ye ji xie shi yong ji shu@f刘敏@Fliu min |
| 210 | @a北京@c中国农业出版社@d2013.03 | |
| 215 | @a312页@d26cm | |
| 330 | @a农业机械·使用 | |
| 606 | 0 | @a农业机械 |
| 606 | 0 | @a中小农具 |
| 690 | @aS220.7@v4 | |
| 701 | 0 | @a刘敏@Aliu min |
| 801 | 0 | @aCN@b唐山师范学院图书馆@c20160724 |
| 905 | @aZUCC@dS220.7@e53 | |
| 现代农业机械使用技术/刘敏.-北京:中国农业出版社,2013.03 |
| 312页;26cm |
| ISBN 978-7-5116-0567-2(平装):CNY22.00 |
| 农业机械·使用 |
| ● |
| 相关链接 |
|
|
|
|
正题名:现代农业机械使用技术
索取号:S220.7/53
 
预约/预借
| 序号 | 登录号 | 条形码 | 馆藏地/架位号 | 状态 | 备注 |
| 1 | 904330 | 209043300 | 第二样本阅览室/ [索取号:S220.7/53] | 在馆 | |
| 2 | 904331 | 209043319 | 第三借阅区/ [索取号:S220.7/53] | 在馆 | |
| 3 | 904332 | 209043328 | 第三借阅区/ [索取号:S220.7/53] | 在馆 | |
| 4 | 904333 | 209043337 | 第三借阅区/ [索取号:S220.7/53] | 在馆 |